Richard Gere Movies Quiz Stats

 Plays Quiz Updated Dec 31, 2017

Challenge
Share
Tweet
Embed
Score 0/52 Timer 07:00
1 Play Today
Year Movie Title % Correct
1990Pretty Woman
90.9%
1982An Officer and a Gentleman
75.7%
1999Runaway Bride
67.1%
2002Chicago
62.7%
1980American Gigolo
58.3%
2000Dr. T and the Women
56.5%
1995First Knight
45.2%
1996Primal Fear
43.1%
2002Unfaithful
34.3%
2017The Dinner
30.3%
1997The Jackal
29.1%
1993Sommersby
27.1%
2016Norman: The Moderate Rise and Tragic Fall of a New York Fixer
25.1%
2017Three Christs
25%
2004Shall We Dance
24.6%
1983Breathless
23.9%
1990Internal Affairs
23.9%
2002The Mothman Prophecies
23.2%
2008Nights in Rodanthe
22.9%
2012Arbitrage
22.8%
2015The Second Best Exotic Marigold Hotel
21.7%
1984The Cotton Club
20.8%
1977Looking For Mr. Goodbar
20.8%
2015The Benefactor
20.3%
1978Days of Heaven
20.2%
2000Autumn in New York
20.1%
Year Movie Title % Correct
1997Red Corner
19.8%
1994Intersection
18.6%
2009Hachi: A Dog's Tale
17.6%
2006 The Hoax
17.4%
2014Time Out of Mind
16.8%
2014Henry & Me
16.4%
1993Mr. Jones
15.5%
1985King David
14.9%
1992Final Analysis
14.9%
1979Yanks
13.5%
2009Brooklyn's Finest
13.1%
1986No Mercy
12.5%
2009Amelia
12%
2011The Double
11%
2013Movie 43
10.9%
2005Bee Season
10.6%
2007The Hunting Party
10.4%
1978Bloodbrothers
10.4%
1986Power
10.4%
2007I'm Not There
9.4%
1976Baby Blue Marine
8.7%
2007The Flock
7.9%
1975Report to the Commissioner
7.5%
1983Beyond the Limit
7.3%
1988Miles From Home
6.3%
1991Rhapsody in August
6.3%

You're not logged in!

Compare scores with friends on all Sporcle quizzes.
OR
Log In

You Might Also Like...

Show Comments

Extras

Top Quizzes Today


Score Distribution

Your Account Isn't Verified!

In order to create a playlist on Sporcle, you need to verify the email address you used during registration. Go to your Sporcle Settings to finish the process.

Report this User

Report this user for behavior that violates our Community Guidelines.

Details: